Loading...
| Fine Arts - Classical Music | 6 | 23.33 | 100% | 100% | 33% |
| Fine Arts - Other Fine Arts | 7 | 15.71 | 100% | 57% | 0% |
| Fine Arts - Painting & Sculpture | 7 | 17.14 | 100% | 57% | 14% |
| History - American History | 9 | 22.22 | 100% | 100% | 22% |
| History - European History | 9 | 22.22 | 100% | 89% | 33% |
| History - Other History | 9 | 24.44 | 100% | 89% | 56% |
| History - World History | 9 | 17.78 | 89% | 56% | 33% |
| Literature - American Literature | 7 | 17.14 | 100% | 71% | 0% |
| Literature - British Literature | 8 | 17.50 | 100% | 50% | 25% |
| Literature - European Literature | 6 | 18.33 | 100% | 67% | 17% |
| Literature - World Literature | 5 | 28.00 | 100% | 100% | 80% |
| Mythology | 7 | 22.86 | 100% | 71% | 57% |
| Other | 8 | 12.50 | 75% | 38% | 13% |
| Philosophy | 5 | 20.00 | 100% | 80% | 20% |
| Religion | 4 | 15.00 | 75% | 50% | 25% |
| Science - Biology | 9 | 24.44 | 100% | 89% | 56% |
| Science - Chemistry | 7 | 28.57 | 100% | 100% | 86% |
| Science - Other Science | 9 | 20.00 | 100% | 67% | 33% |
| Science - Physics | 8 | 22.50 | 100% | 100% | 25% |
| Social Science | 5 | 20.00 | 100% | 100% | 0% |